| 000 | 00634nam a22001937a 4500 | ||
|---|---|---|---|
| 003 | OSt | ||
| 005 | 20150408113914.0 | ||
| 008 | 110826s2010 jo k f |||| 000 0 eng d | ||
| 040 | _cدار أجنادين | ||
| 082 |
_221 _a005.133 _bF A X |
||
| 100 |
_aAl-Flaeih, Anwar Mefdy Al-Hmoud. _93349 |
||
| 245 |
_aXHTML Laboratory Manual / _c.Anwar Mefdy Al-Hmoud Al-Flaeih |
||
| 250 | _a1st ed. | ||
| 260 |
_aAmman, Jordan : _bLibrary of Arab society ; _bDar-Aleasar, _c2010 |
||
| 300 |
_a269 p. : _bill ; _c24 cm. |
||
| 650 |
_aXHTML (Document markup language) _93350 |
||
| 650 |
_aHTML (Document markup language) _93351 |
||
| 942 |
_2ddc _cDVD |
||
| 999 |
_c13845 _d248345 |
||